000 00625nam a2200241Ia 4500
003 OSt
005 20221005130900.0
006 a|||||r|||| 00| 0
007 ta
008 221004b |||||||| |||| 00| 0 eng d
024 _a49554
037 _cTextual
040 _aCRL
_cCRL
_beng
041 _2eng
_aeng
082 _aP15:C7:9, H8
100 _aVisvesvara
245 0 _aSanskrit-racananuvada-sikshika ed. by Janakidevi Pathaka.
260 _c1948
490 _aHaridasa Sanskrit series,133
650 _aLINGUISTICS
942 _hP15:C7:9, H8
_cTEXL
_2cc
999 _c1058675
_d1058675